000
00374nam a2200145Ia 4500
041
_a
Kurdish
082
_a
300,1 cut-299 ت
100
_a
20260118u\\\\\\\\\\\y0engy0103\\\\ba
100
_a
فۆئاد تاهیر
245
0
_a
هۆشیاریمان
250
_a
چ1
260
_b
چاپخانەیى چوارچرا
_a
سلێمانى
_c
2017
300
_a
312
942
_c
Bk
999
_c
188049
_d
188049